[Event "DVM U14 2011"]
[Site "Lingen (Ems) GER"]
[Date "2011.12.27"]
[Round "1"]
[White "Krasotin, Valentin"]
[Black "Popov, Leonard"]
[Result "1-0"]
[Termination "normal"]
[Board "6.3"]
[WhiteElo "1624"]
[BlackElo "1388"]
[WhiteTeam "SW  Nürnberg Süd"]
[BlackTeam "SG Porz"]
[WhiteFideId "12913928"]
[BlackFideId "12946265"]
[EventCountry "GER"]
[EventRounds "7"]
[EventType "team-swiss"]
[EventDate "2011.12.26"]

1. e4 e5 2. Nf3 Nf6 3. Nxe5 d6 4. Nf3 Nxe4 5. d4 d5 6. Bd3 Bd6 7. c4 c6 8. O-O
O-O 9. Nc3 Nxc3 10. bxc3 dxc4 11. Bxc4 Bg4 12. Qd3 h6 13. Qe4 Bh5 14. Qf5 Bg6
15. Qxg6 Kh8 16. Bxf7 Qe7 17. Ng5 1-0

[Event "DVM U14 2011"]
[Site "Lingen (Ems) GER"]
[Date "2011.12.27"]
[Round "1"]
[White "Yang, Daniel"]
[Black "Siegl, Adrian"]
[Result "0-1"]
[Termination "normal"]
[Board "6.4"]
[WhiteElo "1263"]
[BlackElo "1725"]
[WhiteTeam "SG Porz"]
[BlackTeam "SW  Nürnberg Süd"]
[WhiteFideId "12946273"]
[BlackFideId "12930156"]
[EventCountry "GER"]
[EventRounds "7"]
[EventType "team-swiss"]
[EventDate "2011.12.26"]

1. d4 d5 2. c4 e6 3. g3 Nc6 4. Nf3 Nf6 5. Bg2 Bb4+ 6. Bd2 Bxd2+ 7. Nbxd2 O-O 8.
O-O Bd7 9. Re1 Re8 10. e4 dxe4 11. Nxe4 Nxe4 12. Rxe4 Qf6 13. Ne5 Nxe5 14. Rxe5
Qe7 15. Qb3 Rab8 16. Rae1 Qd6 17. d5 f6 18. dxe6 fxe5 19. c5 Bxe6 20. cxd6 Bxb3
21. dxc7 Rbc8 22. Rc1 Re7 23. axb3 Rcxc7 24. Rd1 Red7 25. Re1 Rc5 26. Bh3 Rdc7
27. Kg2 Kf7 28. Bf5 Rb5 29. Re3 g6 30. Bd3 Rbc5 31. Bc4+ Ke8 32. Kf3 Ke7 33.
Kg4 b5 34. Bd3 a6 35. b4 Rd5 36. Re4 Rxd3 37. Rxe5+ Kf6 38. Re4 Rc4 39. Rf4+
Rxf4+ 40. Kxf4 Rb3 41. Ke4 Rxb4+ 42. Kd5 Rxb2 43. Kc5 a5 0-1

[Event "DVM U14 2011"]
[Site "Lingen (Ems) GER"]
[Date "2011.12.27"]
[Round "1"]
[White "Schissler, Cornelius"]
[Black "Röhlich, Philipp"]
[Result "1-0"]
[Termination "normal"]
[Board "7.1"]
[WhiteElo "1410"]
[BlackElo "1734"]
[WhiteTeam "SC Widdern"]
[BlackTeam "SG Trier"]
[WhiteFideId "12946290"]
[BlackFideId "24692832"]
[EventCountry "GER"]
[EventRounds "7"]
[EventType "team-swiss"]
[EventDate "2011.12.26"]

1. e4 c5 2. Nf3 Nc6 3. Bb5 g6 4. Bxc6 bxc6 5. d3 Bg7 6. c3 d6 7. h3 e5 8. Bg5
Ne7 9. O-O O-O 10. Re1 h6 11. Be3 f5 12. exf5 gxf5 13. Qe2 Ng6 14. Nh2 f4 15.
Bd2 Qg5 16. Nf3 Qf6 17. Na3 Bf5 18. Rac1 d5 19. Nh2 Nh4 20. Nf3 Nxf3+ 21. Qxf3
Qg6 22. Kh1 Bxd3 23. Qg4 Qf6 24. Rcd1 Bf5 25. Qe2 Rae8 26. f3 Qg6 27. Qa6 Re6
28. Qxa7 Qg3 29. Re2 Bxh3 30. Be1 Bxg2+ 31. Rxg2 1-0

[Event "DVM U14 2011"]
[Site "Lingen (Ems) GER"]
[Date "2011.12.27"]
[Round "1"]
[White "Bauer, Lukas"]
[Black "Dirks, Alexander"]
[Result "1-0"]
[Termination "normal"]
[Board "7.2"]
[WhiteElo "1640"]
[BlackElo "1372"]
[WhiteTeam "SG Trier"]
[BlackTeam "SC Widdern"]
[WhiteFideId "12907715"]
[BlackFideId "12946303"]
[EventCountry "GER"]
[EventRounds "7"]
[EventType "team-swiss"]
[EventDate "2011.12.26"]

1. d4 Nf6 2. Nf3 d6 3. c4 g6 4. g3 Bg7 5. Bg2 Nbd7 6. O-O O-O 7. Nc3 c5 8. e3
a6 9. Rb1 Rb8 10. b4 b6 11. Qe2 Qc7 12. Ba3 cxb4 13. Bxb4 a5 14. Nb5 Qd8 15.
Ba3 Re8 16. Rfc1 Ba6 17. Nd2 Bxb5 18. cxb5 Rc8 19. Qd3 Rxc1+ 20. Rxc1 Qb8 21.
Ne4 Rc8 22. Nxf6+ Bxf6 23. Bc6 Nf8 24. Kf1 Ne6 25. Rc2 Nd8 26. Ke2 Kf8 27. e4
Ne6 28. Bb2 Rd8 29. f4 Kg8 30. Qe3 Bg7 31. f5 Nc7 32. g4 Rc8 33. Kd1 Ne8 34. g5
Qc7 35. Qb3 Kf8 36. Rc1 Qd8 37. Qh3 Kg8 38. Qd3 Nc7 39. h4 e6 40. f6 Bf8 41. d5
e5 42. Rc2 h5 43. Qh3 Rb8 44. Bc1 Na8 45. a4 Rc8 46. Qd7 Qxd7 47. Bxd7 Rc5 48.
Bc6 Nc7 49. Bb2 Kh7 50. Rxc5 bxc5 51. Bc3 Bh6 52. gxh6 Kxh6 53. Bxa5 Nxb5 54.
axb5 g5 55. b6 gxh4 56. b7 h3 57. b8=Q h2 58. Qh8+ Kg5 59. Bd2+ Kg4 60. Bd7+
Kh4 61. Be1+ Kg5 1-0

[Event "DVM U14 2011"]
[Site "Lingen (Ems) GER"]
[Date "2011.12.27"]
[Round "1"]
[White "Weinmeister, Nico"]
[Black "Kim, Yun-Ghi"]
[Result "0-1"]
[Termination "normal"]
[Board "7.3"]
[WhiteElo "1380"]
[BlackElo "1784"]
[WhiteTeam "SC Widdern"]
[BlackTeam "SG Trier"]
[WhiteFideId "12946311"]
[BlackFideId "12925888"]
[EventCountry "GER"]
[EventRounds "7"]
[EventType "team-swiss"]
[EventDate "2011.12.26"]

1. e4 e6 2. d4 d5 3. exd5 exd5 4. Be3 Bd6 5. Nc3 Ne7 6. Bd3 c6 7. Nge2 Bf5 8.
O-O Qc7 9. f4 Nd7 10. Qd2 O-O-O 11. Rfd1 g5 12. b4 Bxd3 13. cxd3 Nf5 14. g3
Rde8 15. Bf2 gxf4 16. Nxf4 Bxf4 17. Qxf4 Qxf4 18. gxf4 Rhg8+ 19. Kf1 Ne3+ 20.
Bxe3 Rxe3 21. Rdc1 Rxd3 22. Nxd5 Kd8 23. Nc3 Rxd4 24. a3 Rxf4+ 25. Ke2 Re8+ 26.
Kd3 Ne5+ 27. Kc2 Rf2+ 28. Kb3 f5 29. Rf1 Rf3 30. Rae1 f4 31. Rxf3 Nxf3 32.
Rxe8+ Kxe8 33. Ne2 Nxh2 34. Nxf4 Ke7 35. Kc4 Kd6 36. Nd3 b6 37. a4 Nf3 38. b5
Ne5+ 39. Nxe5 cxb5+ 40. Kd4 bxa4 41. Nd3 Kc6 42. Kc4 b5+ 43. Kb4 Kb6 44. Nf4
a5+ 45. Ka3 Kc5 46. Nd3+ Kd4 47. Nf4 Kc4 48. Ng2 h5 49. Ne3+ Kd3 50. Nd1 h4 51.
Nf2+ Kc2 52. Ng4 h3 53. Nf2 b4+ 54. Kxa4 b3 55. Nxh3 b2 56. Nf4 b1=Q 57. Kxa5
Qa1+ 58. Kb5 Qe5+ 0-1

[Event "DVM U14 2011"]
[Site "Lingen (Ems) GER"]
[Date "2011.12.27"]
[Round "1"]
[White "Bach, Marc-Andre"]
[Black "Hoffmann, Jens"]
[Result "1-0"]
[Termination "normal"]
[Board "7.4"]
[WhiteElo "1714"]
[BlackElo "1375"]
[WhiteTeam "SG Trier"]
[BlackTeam "SC Widdern"]
[WhiteFideId "1270773"]
[BlackFideId "12946320"]
[EventCountry "GER"]
[EventRounds "7"]
[EventType "team-swiss"]
[EventDate "2011.12.26"]

1. e4 e5 2. Nf3 Nc6 3. Bc4 Bc5 4. c3 Nf6 5. d4 exd4 6. cxd4 Bb4+ 7. Bd2 Bxd2+
8. Nbxd2 d6 9. h3 O-O 10. O-O Re8 11. Re1 Bd7 12. e5 dxe5 13. dxe5 Nh5 14. Ne4
Nf4 15. Nc5 Bc8 16. Qxd8 Nxd8 17. Rad1 Be6 18. Nxe6 Ndxe6 19. Rd7 Rad8 20. Red1
Kf8 21. Kh2 Rxd7 22. Rxd7 Re7 23. Rxe7 Kxe7 24. Kg3 c6 25. Nd2 Ng6 26. Nf3 Nef8
27. Kg4 b5 28. Bb3 Nd7 29. Kf5 f6 30. exf6+ Nxf6 31. g3 Kd6 32. Nd4 Ne7+ 33.
Kf4 Ng6+ 34. Ke3 Ne7 35. a3 a6 36. a4 c5 37. Nf3 Ned5+ 38. Ke2 c4 39. Bc2 Nb4
40. Bd1 Ne4 41. axb5 axb5 42. Ne1 Ke5 43. Nf3+ Kd5 44. Ne1 c3 45. b3 Ng5 46. h4
Ne4 47. Bc2 Na2 48. Ke3 Nf6 49. Nd3 g6 50. Bb1 Ne4 51. Bxa2 c2 52. b4+ Kd6 53.
Kxe4 Kc6 54. Bb3 1-0

[Event "DVM U14 2011"]
[Site "Lingen (Ems) GER"]
[Date "2011.12.27"]
[Round "1"]
[White "Bilchinski, Anton"]
[Black "Kardoeus, David"]
[Result "1/2-1/2"]
[Termination "normal"]
[Board "8.1"]
[WhiteElo "1820"]
[BlackElo "1757"]
[WhiteTeam "SK 1908 Göggingen"]
[BlackTeam "SV Werder Bremen"]
[WhiteFideId "24615765"]
[BlackFideId "12912050"]
[EventCountry "GER"]
[EventRounds "7"]
[EventType "team-swiss"]
[EventDate "2011.12.26"]

1. d4 Nf6 2. c4 c5 3. d5 e6 4. Nc3 exd5 5. cxd5 g6 6. e4 d6 7. Nf3 Bg4 8. Be2
Bg7 9. O-O O-O 10. h3 Bxf3 11. Bxf3 Re8 12. Qc2 Na6 13. a3 Rc8 14. Bf4 c4 15.
Nb5 Bf8 16. Nxa7 Rc5 17. Be3 Qb6 18. Bxc5 Nxc5 19. Qxc4 Qxa7 20. Rfe1 Qa4 21.
b4 b5 22. Qc3 Ncd7 23. Rac1 Ne5 24. Bd1 Qa6 25. f4 Ned7 26. Bf3 Qb6+ 27. Kh2
Bh6 28. g3 Qf2+ 29. Bg2 Nxe4 30. Rc2 Ndf6 31. Rxf2 Nxc3 32. Rxe8+ Nxe8 33. Rf3
Nxd5 34. Rd3 Ndc7 35. Bc6 Bf8 36. a4 bxa4 37. b5 Ng7 38. b6 Na6 39. b7 Ne6 40.
Bxa4 Nec5 41. Bb5 Nb8 42. Re3 Nxb7 43. Re8 d5 44. Rxb8 Nd6 45. Bd3 f5 46. Ra8
Kf7 47. Kg2 Ne4 48. Rd8 Nf6 49. Kf3 Be7 50. Ra8 h5 51. Ra7 1/2-1/2

[Event "DVM U14 2011"]
[Site "Lingen (Ems) GER"]
[Date "2011.12.27"]
[Round "1"]
[White "Aslan, Dersim"]
[Black "Reimann, Sebastian"]
[Result "1/2-1/2"]
[Termination "normal"]
[Board "8.2"]
[WhiteElo "1601"]
[BlackElo "1516"]
[WhiteTeam "SV Werder Bremen"]
[BlackTeam "SK 1908 Göggingen"]
[WhiteFideId "24692271"]
[BlackFideId "12928054"]
[EventCountry "GER"]
[EventRounds "7"]
[EventType "team-swiss"]
[EventDate "2011.12.26"]

1. d4 d5 2. g3 Nf6 3. Bg2 e6 4. Nf3 Bd6 5. Nc3 Nc6 6. O-O O-O 7. Nb5 Be7 8. Bf4
Bd6 9. Nxd6 cxd6 10. c3 Ne7 11. b3 Ng6 12. Bc1 Ne4 13. Bb2 Bd7 14. Nd2 Nxd2 15.
Qxd2 Qb6 16. Rfc1 Rac8 17. Rab1 Qa5 18. Ba1 Ne7 19. b4 Qc7 20. e3 Bb5 21. Qd1
Bc4 22. a4 a6 23. Bf1 b5 24. a5 Bxf1 25. Qxf1 Qc4 26. Qxc4 Rxc4 27. Re1 Rfc8
28. Rbd1 1/2-1/2

[Event "DVM U14 2011"]
[Site "Lingen (Ems) GER"]
[Date "2011.12.27"]
[Round "1"]
[White "Lai Hop, Long"]
[Black "Artz, Tobias"]
[Result "0-1"]
[Termination "normal"]
[Board "8.4"]
[WhiteElo "1079"]
[BlackElo "1388"]
[WhiteTeam "SV Werder Bremen"]
[BlackTeam "SK 1908 Göggingen"]
[WhiteFideId "12942707"]
[BlackFideId "12928127"]
[EventCountry "GER"]
[EventRounds "7"]
[EventType "team-swiss"]
[EventDate "2011.12.26"]

1. e4 e5 2. Nf3 Nc6 3. Bb5 Nf6 4. d3 d6 5. O-O Bg4 6. Bg5 Be7 7. Nbd2 O-O 8.
Qe2 Nd4 9. Qd1 Nxb5 10. h3 Bh5 11. Rc1 Nd7 12. Bxe7 Qxe7 13. Re1 Nc5 14. b4 Nc3
0-1

[Event "DVM U14 2011"]
[Site "Lingen (Ems) GER"]
[Date "2011.12.27"]
[Round "1"]
[White "Bykov, Ilya"]
[Black "Glatzel, Jonas"]
[Result "1/2-1/2"]
[Termination "normal"]
[Board "9.1"]
[WhiteElo "1720"]
[BlackElo "1937"]
[WhiteTeam "Karlsruher SF 1853"]
[BlackTeam "SK Kspr. Iserlohn 1934"]
[WhiteFideId "12918059"]
[BlackFideId "12937800"]
[EventCountry "GER"]
[EventRounds "7"]
[EventType "team-swiss"]
[EventDate "2011.12.26"]

1. e4 c5 2. d4 cxd4 3. c3 dxc3 4. Nxc3 Nc6 5. Nf3 e6 6. a3 Qc7 7. Be2 Nf6 8.
O-O Be7 9. Bd2 a6 10. Rc1 Qb8 11. b4 O-O 12. Bd3 b5 13. Re1 Ng4 14. Bb1 Rd8 15.
Qc2 Nce5 16. Nxe5 Nxe5 17. f4 Nc4 18. e5 g6 19. Ne4 Qb6+ 20. Kh1 Bb7 21. Qc3
Rac8 22. Qd3 Bxe4 23. Rxe4 d5 24. Ree1 Rc6 25. Rc2 Rdc8 26. h3 Nxd2 27. Qxd2
Rxc2 28. Bxc2 Qc6 29. Bb3 Bh4 30. Re3 Qc1+ 31. Qxc1 Rxc1+ 32. Kh2 Bf2 33. Rf3
Bd4 34. a4 Bc3 35. axb5 axb5 36. g4 Bxb4 37. Kg2 Bc3 38. Kf2 b4 39. Ke2 Rb1 40.
Bc2 Rb2 41. Kd1 d4 42. Kc1 Ra2 43. Bb3 Rb2 44. Bc2 b3 45. Bd1 Kf8 46. h4 Ke7
47. h5 gxh5 48. gxh5 h6 49. Rg3 Kd8 50. Rg8+ Kc7 51. Rg3 Kb6 52. Rg8 Kc7 53.
Rg3 1/2-1/2

[Event "DVM U14 2011"]
[Site "Lingen (Ems) GER"]
[Date "2011.12.27"]
[Round "1"]
[White "Dröttboom, Tobias"]
[Black "Weinmann, Balduin"]
[Result "1-0"]
[Termination "normal"]
[Board "9.2"]
[WhiteElo "1460"]
[BlackElo "1116"]
[WhiteTeam "SK Kspr. Iserlohn 1934"]
[BlackTeam "Karlsruher SF 1853"]
[WhiteFideId "12946133"]
[EventCountry "GER"]
[EventRounds "7"]
[EventType "team-swiss"]
[EventDate "2011.12.26"]

1. d4 d5 2. Nf3 Nf6 3. Bf4 Bg4 4. Ne5 e6 5. Nxg4 Nxg4 6. e3 Nf6 7. Bd3 Bd6 8.
Bg3 Bxg3 9. hxg3 h6 10. Nd2 Nbd7 11. Qe2 c5 12. c3 a6 13. O-O Qe7 14. e4 dxe4
15. Nxe4 cxd4 16. cxd4 O-O 17. Rfc1 Rac8 18. a3 Rfd8 19. Rxc8 Rxc8 20. Rd1 Rd8
21. Nxf6+ Nxf6 22. Be4 Qc7 23. Qc2 Qb6 24. Bd3 Kh8 25. Qc3 Qxd4 26. Qxd4 Rxd4
27. f3 Nh5 28. Kf2 f5 29. Ke3 Rd6 30. g4 Nf6 31. gxf5 exf5 32. Rc1 f4+ 33. Kd2
g5 34. Rc8+ Kg7 35. Rc7+ Rd7 36. Rxd7+ Nxd7 37. Bf5 Ne5 38. Bc8 Nc4+ 39. Kc3
Nd6 40. Bd7 Kg6 41. Kb4 b6 42. a4 a5+ 43. Kc3 Kf6 44. Kd4 Ke7 45. Bg4 b5 46.
axb5 Nxb5+ 47. Kc5 Nd6 48. b3 Nb7+ 49. Kb6 Nd6 50. Kxa5 Kd8 51. Kb6 Nf7 52. b4
Ke7 53. Kc7 Nd6 54. Kc6 Nc4 55. b5 Kf6 56. b6 Nxb6 57. Kxb6 Ke5 58. Kc5 Kf6 59.
Kd6 Kg6 60. Ke6 h5 61. Bf5+ Kh6 62. Kf6 h4 63. Bg4 Kh7 64. Kxg5 1-0

[Event "DVM U14 2011"]
[Site "Lingen (Ems) GER"]
[Date "2011.12.27"]
[Round "1"]
[White "Ospina Ocampo, Antonio"]
[Black "Dannenberg, Thomas"]
[Result "1/2-1/2"]
[Termination "normal"]
[Board "9.3"]
[WhiteElo "934"]
[BlackElo "1427"]
[WhiteTeam "Karlsruher SF 1853"]
[BlackTeam "SK Kspr. Iserlohn 1934"]
[WhiteFideId "12946362"]
[EventCountry "GER"]
[EventRounds "7"]
[EventType "team-swiss"]
[EventDate "2011.12.26"]

1. e4 c6 2. Nc3 d5 3. exd5 cxd5 4. d4 Nf6 5. Nf3 Bf5 6. Nh4 Bg6 7. Nxg6 hxg6 8.
Bb5+ Nc6 9. Be3 e6 10. O-O Bd6 11. g3 Qc7 12. Qf3 Rh7 13. Rad1 O-O-O 14. Bxc6
bxc6 15. Ne2 Rdh8 16. h4 Ne4 17. Bf4 Bxf4 18. Qxf4 Qxf4 19. Nxf4 g5 20. Nh3
gxh4 21. g4 Kd7 22. f4 Ke7 23. Ng5 Nxg5 24. fxg5 Rf8 25. Kh2 f5 26. gxf5 Rxf5
27. Rxf5 exf5 28. Re1+ Kd6 29. Kh3 g6 30. b4 Rh5 31. Rg1 Ke6 32. c3 f4 33. Kg4
h3 34. Kxf4 h2 35. Rh1 Rh3 36. a4 Rxc3 37. Rxh2 Rc4 38. Re2+ Kd6 39. Ke3 Rxb4
40. Ra2 Rb3+ 41. Ke2 a5 42. Ra1 Rg3 43. Rh1 Rxg5 44. Kf3 Ke6 45. Re1+ Kf7 46.
Kf4 Rg2 47. Rf1 Kg7 48. Rc1 Ra2 49. Rxc6 Rxa4 50. Ke5 Rc4 51. Ra6 Ra4 1/2-1/2

[Event "DVM U14 2011"]
[Site "Lingen (Ems) GER"]
[Date "2011.12.27"]
[Round "1"]
[White "Esfandiyari, Kiyan"]
[Black "Sirbu, Nikita"]
[Result "1/2-1/2"]
[Termination "normal"]
[Board "9.4"]
[WhiteElo "1032"]
[BlackElo "805"]
[WhiteTeam "SK Kspr. Iserlohn 1934"]
[BlackTeam "Karlsruher SF 1853"]
[WhiteFideId "12946168"]
[BlackFideId "12946370"]
[EventCountry "GER"]
[EventRounds "7"]
[EventType "team-swiss"]
[EventDate "2011.12.26"]

1. d4 Nf6 2. Nf3 d5 3. Bf4 Nc6 4. e3 Bg4 5. Be2 e6 6. h3 Bxf3 7. gxf3 Bb4+ 8.
c3 Bd6 9. Bxd6 cxd6 10. Nd2 e5 11. Qc2 Qe7 12. Bd3 a6 13. O-O-O a5 14. Rde1 a4
15. a3 O-O 16. f4 e4 17. Be2 Qd7 18. Reg1 h6 19. Qd1 Rfe8 20. Qf1 Qe7 21. Qg2
Qf8 22. h4 Na5 23. Qh3 Rab8 24. Rg2 b5 25. Rhg1 h5 26. Rxg7+ Qxg7 27. Rxg7+
Kxg7 28. Qg3+ Kf8 29. Qg5 Ke7 30. Bxh5 Rg8 31. Qf5 Rh8 32. Be2 Rxh4 33. Qg5
Rh1+ 34. Kc2 Nb3 35. Nxb3 axb3+ 36. Kxb3 Re1 37. Bh5 Rf1 38. Bxf7 Kxf7 39. Qh4
Rg8 40. Qh2 Ng4 41. Qh5+ Ke6 42. f5+ Kf6 43. Qh4+ Kf7 44. Qh5+ Kf8 45. Qh7 Rxf2
46. Qd7 Nxe3 47. Qxd6+ Kf7 48. Qe6+ Kf8 49. Qd6+ Ke8 50. Qe6+ Kf8 51. Qd6+
1/2-1/2

[Event "DVM U14 2011"]
[Site "Lingen (Ems) GER"]
[Date "2011.12.27"]
[Round "1"]
[White "Greßmann, Moritz"]
[Black "Müller, Max"]
[Result "1-0"]
[Termination "normal"]
[Board "10.1"]
[WhiteElo "1748"]
[BlackElo "1644"]
[WhiteTeam "BSV 63 Chemie Weißensee"]
[BlackTeam "SC Caissa Schwarzenbach"]
[WhiteFideId "24695084"]
[BlackFideId "12900486"]
[EventCountry "GER"]
[EventRounds "7"]
[EventType "team-swiss"]
[EventDate "2011.12.26"]

1. c4 Nf6 2. Nc3 g6 3. g3 Bg7 4. Bg2 O-O 5. Nf3 d6 6. d3 c5 7. O-O Nc6 8. Rb1
Rb8 9. a3 Bd7 10. Bd2 Qc8 11. b4 Bh3 12. b5 Bxg2 13. Kxg2 Nd8 14. Bg5 Re8 15.
Bxf6 Bxf6 16. Nd5 Bg7 17. Qa4 e6 18. b6 Nc6 19. bxa7 Ra8 20. Nb6 Rxa7 21. Qxa7
Nxa7 22. Nxc8 Rxc8 23. Rxb7 Nc6 24. Rfb1 h6 25. Rd7 Bf8 26. Rbb7 Be7 27. Rxe7
Nxe7 28. Rxe7 Ra8 29. Rd7 Rxa3 30. Rxd6 Kg7 31. Rc6 Ra5 32. Ne5 Kf6 33. Rxc5
Rxc5 34. Nd7+ 1-0

[Event "DVM U14 2011"]
[Site "Lingen (Ems) GER"]
[Date "2011.12.27"]
[Round "1"]
[White "Backens, Johannes"]
[Black "Donath, Johann"]
[Result "0-1"]
[Termination "normal"]
[Board "10.2"]
[WhiteElo "1235"]
[BlackElo "1871"]
[WhiteTeam "SC Caissa Schwarzenbach"]
[BlackTeam "BSV 63 Chemie Weißensee"]
[WhiteFideId "12946389"]
[BlackFideId "24685160"]
[EventCountry "GER"]
[EventRounds "7"]
[EventType "team-swiss"]
[EventDate "2011.12.26"]

1. e4 Nf6 2. e5 Nd5 3. d4 d6 4. c4 Nb6 5. exd6 exd6 6. Nf3 Nc6 7. Be3 Bf5 8.
Bd3 Bxd3 9. Qxd3 Be7 10. O-O O-O 11. a3 Bf6 12. b4 d5 13. c5 Nc4 14. Nbd2 Nxd2
15. Qxd2 Ne7 16. Rac1 Nf5 17. Rfe1 Re8 18. Bf4 Re4 19. Rxe4 dxe4 20. Ne5 Qxd4
21. Qxd4 Nxd4 22. Kf1 Ne6 23. Bg3 h5 24. c6 bxc6 25. Nd7 Bb2 26. Rxc6 Bxa3 27.
Bxc7 Bxb4 28. Be5 Rd8 29. Bd6 Rxd7 30. Bxb4 Nf4 0-1

[Event "DVM U14 2011"]
[Site "Lingen (Ems) GER"]
[Date "2011.12.27"]
[Round "1"]
[White "Greßmann, Hanna"]
[Black "Zimmermeier, Gregor"]
[Result "1-0"]
[Termination "normal"]
[Board "10.3"]
[WhiteElo "1327"]
[BlackElo "877"]
[WhiteTeam "BSV 63 Chemie Weißensee"]
[BlackTeam "SC Caissa Schwarzenbach"]
[WhiteFideId "12930709"]
[EventCountry "GER"]
[EventRounds "7"]
[EventType "team-swiss"]
[EventDate "2011.12.26"]

1. e4 g6 2. d4 Bg7 3. Bf4 d6 4. Nf3 Nf6 5. Nc3 Nbd7 6. Qd2 h6 7. h4 b6 8. O-O-O
Bb7 9. Bd3 Ng4 10. Bg3 Rc8 11. Kb1 e6 12. Bc4 Ndf6 13. Rde1 O-O 14. Bb3 c5 15.
Bxd6 Re8 16. Bf4 cxd4 17. Nb5 Nxe4 18. Qe2 Qf6 19. Bc1 Ra8 20. Nc7 Nc5 21. Nxe8
Ba6 22. Nxf6+ Bxf6 23. Bc4 1-0

[Event "DVM U14 2011"]
[Site "Lingen (Ems) GER"]
[Date "2011.12.27"]
[Round "1"]
[White "Dechant, Joel Julian"]
[Black "Boehling, Richard"]
[Result "0-1"]
[Termination "normal"]
[Board "10.4"]
[WhiteElo "836"]
[BlackElo "1318"]
[WhiteTeam "SC Caissa Schwarzenbach"]
[BlackTeam "BSV 63 Chemie Weißensee"]
[BlackFideId "12946176"]
[EventCountry "GER"]
[EventRounds "7"]
[EventType "team-swiss"]
[EventDate "2011.12.26"]

1. e4 e5 2. Nf3 Nc6 3. Nc3 Nf6 4. d4 exd4 5. Nxd4 Bb4 6. Bd2 Nxd4 7. a3 Bc5 8.
Be3 Ne6 9. Bxc5 Nxc5 10. e5 Nfe4 11. Nxe4 Nxe4 12. Qd5 Ng5 13. h4 Ne6 14. g3 d6
15. f4 dxe5 16. Qxe5 O-O 17. f5 Qd4 18. Qxd4 Nxd4 19. O-O-O Nxf5 20. Rd3 Nd6
21. Bh3 Bxh3 22. Rxh3 Rfe8 23. b3 Re1+ 24. Kd2 Rae8 25. Kc3 h6 26. g4 Ne4+ 27.
Kc4 Nf2 28. Rd7 Nxh3 29. Rxc7 R1e4+ 30. Kc3 Rxg4 31. Rxb7 Rxh4 32. Rxa7 Rc8+
33. Kb2 Rg4 34. a4 Rg2 35. Ka3 Rgxc2 36. a5 R2c7 37. Rxc7 Rxc7 38. Ka4 Nf4 39.
a6 Ra7 40. Ka5 Nd5 41. Kb5 Nc7+ 42. Kb6 Rxa6+ 43. Kxc7 Ra2 44. Kd6 Rb2 45. Ke5
Rxb3 46. Kf4 Rb6 47. Kg4 Rb5 48. Kf4 Kf8 49. Kg4 Ke7 50. Kf4 Ke6 51. Kg4 Rf5
52. Kh4 Rg5 53. Kh3 Kf5 54. Kh4 g6 55. Kh3 Kf4 56. Kh2 Kf3 57. Kh1 Kf2 58. Kh2
Rh5# 0-1